An article from legal bibliography of March, 1913 dealing with the proposition for the recall of judicial decisions.

Bibliographic Details
Corporate Author: ProQuest (Firm)
Format: eBook
Language:English
Published: Washington : [publisher not identified], 1913.
Series:United States congressional serial set.
Subjects:
Online Access:Connect to the full text of this electronic book

MARC

Tag First Indicator Second Indicator Subfields
LEADER 00000cam a22000001a 4500
001 in00002976521
005 20190402184146.0
006 m o d
007 cr un mmmapmmp
008 070626s1913 dcu o f000 0 eng d
035 |a cis2004141247 
040 |a UMI  |c UMI  |d UtOrBLW 
043 |a n-us--- 
099 |a ProQuest Serial Set Number 6535 S.doc.28 
245 0 3 |a An article from legal bibliography of March, 1913 dealing with the proposition for the recall of judicial decisions. 
246 1 |a Recall of judicial decisions, article by Ezra R. Thayer 
264 1 |a Washington :  |b [publisher not identified],  |c 1913. 
300 |a 1 online resource. 
336 |a text  |b txt  |2 rdacontent 
337 |a computer  |b c  |2 rdamedia 
338 |a online resource  |b cr  |2 rdacarrier 
490 0 |a S.doc.28 
500 |a Record is based on bibliographic data in ProQuest U.S. Serial Set Digital Collection (last viewed June 2007). Reuse except for individual research requires license from ProQuest, LLC. 
510 3 |a ProQuest U.S. Serial Set Digital Collection 
500 |a Electronic resource. 
650 0 |a Justice, Administration of. 
650 0 |a Grammar, Comparative and general  |x Article. 
655 7 |a Electronic books.  |2 local 
710 2 |a ProQuest (Firm) 
830 0 |a United States congressional serial set. 
856 4 0 |u http://proxy.library.tamu.edu/login?url=http://congressional.proquest.com/congcomp/getdoc?SERIAL-SET-ID=6535+S.doc.28  |z Connect to the full text of this electronic book  |t 0 
999 |a MARS 
999 f f |s 1b37d914-499b-3c0a-a9af-a237bdeb74d2  |i 82fff43f-23a1-3271-8f35-d982dab85601  |t 0 
952 f f |a Texas A&M University  |b College Station  |c Electronic Resources  |d Available Online  |t 0  |e ProQuest Serial Set Number 6535 S.doc.28  |h Other scheme 
998 f f |a ProQuest Serial Set Number 6535 S.doc.28  |t 0  |l Available Online